Online
Catalog

La unión masónica : (Record no. 31127)

MARC details
000 -CABECERA
campo de control de longitud fija 00567nas a2200181 a 4500
001 - NÚMERO DE CONTROL
campo de control 000031635
003 - IDENTIFICADOR DEL NÚMERO DE CONTROL
campo de control DLC
005 - FECHA Y HORA DE LA ÚLTIMA TRANSACCIÓN
campo de control 20200930063051.0
008 - DATOS DE LONGITUD FIJA--INFORMACIÓN GENERAL
campo de control de longitud fija 110628c19469999dr r1p 0 0eng d
040 ## - FUENTE DE LA CATALOGACIÓN
Centro catalogador/agencia de origen DO-SdBNP
Lengua de catalogación spa
043 ## - CÓDIGO DE ÁREA GEOGRÁFICA
Código de área geográfica nwdr
130 0# - ENTRADA PRINCIPAL--TÍTULO UNIFORME
Título uniforme La unión masónica
9 (RLIN) 57941
245 00 - MENCIÓN DE TÍTULO
Título La unión masónica :
Resto del título órgano de la respetable logia Nuevo Mundo.
260 ## - PUBLICACIÓN, DISTRIBUCIÓN, ETC.
Lugar de publicación, distribución, etc. Santiago de los caballeros, :
Nombre del editor, distribuidor, etc. Logia nuevo mundo,
Fecha de publicación, distribución, etc. 1946
Fabricante Muchas gracias
310 ## - PERIODICIDAD ACTUAL
Periodicidad actual Mensual
362 0# - FECHAS DE PUBLICACIÓN Y/O DESIGNACIÓN SECUENCIAL
Fecha de publicación y/o designación secuencial 4ta. época, no. 29(28 de julio de 1946)
500 ## - NOTA GENERAL
Nota general Director: Nicanor A. Jiménez
Holdings
Estado de retiro Estado de pérdida Especificación de materiales (volumen encuadernado u otra parte) No para préstamo Código de colección Localización permanente Ubicación/localización actual Ubicación en estantería Fecha de adquisición Fuente de adquisición Enumeración/cronología de publicación seriada Número de inventario Total de préstamos Signatura topográfica completa Código de barras Fecha visto por última vez Precio válido a partir de Tipo de ítem Koha Nota pública
    No se presta Excluido de préstamo Hemeroteca Patrimonio Dominicano Patrimonio Dominicano Ordenador y recibido 28.06.2011 31604-1-48 4ta. época. no.29 (1946: jul.28) 194607281946080520110628   29 31635-29-1 08.08.2020 08.08.2020 Publicación periódica Perteneció a la bbilioteca personal de Carlos Larrazabal Blanco

Powered by Koha